000 00592nam a2200181Ia 4500
008 090123s9999 xx 000 0 und d
082 _b36700
100 _aताम्हनकर ना.धो.
245 _aखडकावरला अंकुर
250 _a1
260 _bमौज प्रि.ब्यूरो
_c1946
300 _a120
600 _aताम्हनकर ना.धो.
630 _aखडकावरला अंकुर
700 _aताम्हनकर ना.धो.
730 _aखडकावरला अंकुर
942 _cBOOK
999 _c74768
_d74768